MDQL
is popping MORE tags! Check the
thread
!
Quizzes
Events
Quiz Creation
Community
Videos
Private Events
Remove Ads
Sign In
Join for FREE
Feedback
Dark Mode
Quiz Categories
Sports
Geography
Music
Movies
Television
Just For Fun
Miscellaneous
History
Literature
Language
Science
Gaming
Entertainment
Religion
Holiday
For Kids
Quiz Lab
Recent
Popular Today
Quiz Kudos Today
Editor Picks
Curator Picks
Quizzes by...
Day
Popularity
Type
Ratings
Length
Year
Community
Subscriptions
Recent Discussions
Orange Saloon
Badges
Playlists
Quests
Create
Leaderboards
Showdown
Live 5
Trivia Bingo
Activity
Puzzle Library
Sporcle Events
Private Events
Virtual Trivia
Globe League
Become a Host
Pub Owners
SporcleCon
Opinionation
Our Games
Videos
Blog
Mobile Apps
Partnerships
Remove Ads and Go Orange
Feedback
Music
Pop Music
The Beatles
Song
Album
Lyrics
Bands
Singers
Artist
Clip
Rock
Rap
Classical
Billboard
Country Music
Kpop
Taylor Swift
Music
Pop Music
The Beatles
Song
Album
Lyrics
Bands
Singers
Artist
Clip
Rock
Rap
Classical
Billboard
Country Music
Kpop
Taylor Swift
Random Quiz
Search Sporcle
×
Quiz Lab
Quiz Lab
Music
Billboard
Type in answers that appear in a list
Type in answers that appear in a list
Classic
Best Score? Go Orange.
Foo Fighters Singles Stats
Can you name all of the Foo Fighters' singles (promotional singles are bonuses)?
By
asingh
10m
40 Questions
104 Plays
104 Plays
104 Plays
Comments
Comments
Give Quiz Kudos
Give Quiz Kudos
-
- Ratings
hide this ad
Replay
Link that replays current quiz
Next Quiz
Link to next quiz in quiz playlist
You Got
0%
They Got
Avg Score
69%
Avg Friend Score
Upgrade to see
Score Distribution
Jump to the score distribution portion of the page
Score
0/40
Timer
10:00
0
Plays Today
Album
Song
% Correct
The Colour And The Shape
Everlong
95.2%
The Colour And The Shape
Monkey Wrench
93.3%
There Is Nothing Left To Lose
Learn To Fly
92.3%
Echoes, Silence, Patience & Grace
The Pretender
92.3%
Wasting Light
Walk
90.4%
Foo Fighters
Big Me
89.4%
One By One
All My Life
88.5%
One By One
Times Like These
87.5%
Foo Fighters
This Is A Call
86.5%
In Your Honor
Best Of You
86.5%
The Colour And The Shape
My Hero
85.6%
There Is Nothing Left To Lose
Breakout
82.7%
Wasting Light
Rope
81.7%
Echoes, Silence, Patience & Grace
Long Road To Ruin
77.9%
Foo Fighters
I'll Stick Around
76.9%
Greatest Hits
Wheels-Word Forward
74%
In Your Honor
DOA
73.1%
The Colour And The Shape
Walking After You
70.2%
There Is Nothing Left To Lose
Stacked Actors
69.2%
Concrete & Gold
The Sky Is A Neighborhood
69.1%
Album
Song
% Correct
Foo Fighters
For All The Cows
68.3%
Concrete & Gold
Run
67.3%
Saint Cecilia EP
Saint Cecilia
66.3%
In Your Honor
No Way Back-Cold Day In The Sun
62.5%
There Is Nothing Left To Lose
Next Year
61.5%
There Is Nothing Left To Lose
Generator (only released in Australia)
61.5%
Wasting Light
White Limo
59.6%
One By One (Limited Edition Bonus DVD)
The One
58.7%
One By One
Low
57.7%
Wasting Light
These Days
57.7%
Wasting Light
Bridge Burning
56.7%
Sonic Highways
Congregation
56.7%
Sonic Highways
Something From Nothing
56.7%
Wasting Light
Arlandria (only U.K.)
53.8%
Echoes, Silence, Patience & Grace
Let It Die
51.9%
In Your Honor
Resolve
50%
Sonic Highways
Outside
48.1%
One By One
Have It All
46.2%
Sonic Highways
The Feast And The Famine
46.2%
Sonic Highways
What Did I Do?-God As My Witness
33.7%
Quiz Playlist
Details
Report
Send in Message
Add To Playlist
Classic:
Type in answers that appear in a list
Last Updated: Sep 10, 2017
Quiz Scoreboard
CHALLENGE
Sign Up to Join the Scoreboard
Show All
Scores
Hide
Comments
May contain spoilers
Recently Published
Find the 'City' Movie
by crazypaving
Movies
60s
5x2 Blitz: Bands
by SL_Kpop136
Music
30s
Colored Red Africa Blitz
by spor1
Geography
30s
More to Explore
Quiz From the Vault
Featured Blog Post
14 Easter Pick-up Lines to Find Eggs With
hide this ad
You Might Also Like...
Tags
Album Quiz
Billboard Quiz
Song Quiz
Banking
Fighter
foo
Foo Fighters
Single
Today's Top Quizzes in Music
Browse Music
hide this ad
Today's Top Quizzes in Billboard
Browse Billboard
Top Contributed Quizzes in Music
1
5X2 Blitz: Bands II
2
5X2 Blitz: The Beatles
3
Taylor Swift All Songs (2024)
4
5X2 Blitz: Billboard
5
Taylor Swift Logic Puzzle II
6
5X2 Blitz: Billboard II
7
Taylor Swift Logic Puzzle
8
5X2 Blitz: Rock
9
5X2 Blitz: Singers
10
5X2 Blitz: Album
Explore More
Trending Topics
NBA
Crossword
Kpop
Anime
Marvel
Disney
Harry Potter
Soccer
Puzzle
The Office
WWE
Country
NFL
Song
Pokémon
hide this ad
More By:
asingh
Quiz
Plays
Rating
Category
Featured
Created
The Strokes Songs Without The Name In The Lyrics
380
4.00
Music
Jun 14, 2017
Queens Of The Stone Age Songs
328
5.00
Music
Aug 13, 2017
Most Played The Strokes Songs Live
291
Music
Mar 25, 2017
The Strokes Songs
186
3.00
Music
Mar 21, 2017
Green Day Music Videos
115
Music
Jun 1, 2017
Go to Creator's Profile
Score Distribution
Quiz Creator Spotlight
asingh
Follow
Send a Message
Quizzes Created
-
Created Quiz Play Count
-
More By This Creator
Popular Quizzes Today
1
Colored Red Africa Blitz
2
Find the 'City' Movie
3
Find the US States - No Outlines Minefield
4
5x2 Blitz: Bands
5
The Countries of the World
6
Find the US States
7
US States
8
Find the Countries of Europe - No Outlines Minefield
More Music Quizzes
Joy Division Quiz
Quiz Lab
Trending Quizzes
Colored Red Europe Blitz I
Colored Red Africa Blitz II
Colored Red Europe Blitz II
Colored Red Africa Blitz III
Colored Red Europe Blitz III
Recently Updated
How Do You Spell That?
pecheneg
Godzilla Movies
pecheneg
Grab Bag: 4-10 Letters
pecheneg
2024 March Madness Bracket
pecheneg
Famous TV Couples
Peacemaker
Champions League XIs: Real Madrid
pecheneg
Largest US Cities 1790-2010
pecheneg
Rides in Walt Disney World
pecheneg
Most Oscar Losses (Acting)
pecheneg
Beyoncé Albums
pecheneg
Trending Topics
Harry Potter
Kpop
Marvel
NBA
Anime
Disney
Crossword
Pokémon
Song
Country
Soccer
The Office
Puzzle
NFL
WWE
Your Account Isn't Verified!
In order to create a playlist on Sporcle, you need to verify the email address you used during registration. Go to your
Sporcle Settings
to finish the process.
Report this User
Report this user for behavior that violates our
Community Guidelines
.
Details:
Send Report
Go to the Sporcle.com Mobile Site →
Comments